| 000 | 00627nam a2200169 i 4500 | ||
|---|---|---|---|
| 001 | 185070 | ||
| 003 | ES-MaACL | ||
| 005 | 20230906222336.0 | ||
| 007 | t| | ||
| 008 | 160317s1942 sp r ||||1| spa d | ||
| 100 | 1 |
_aNájera Angulo, Luis. _984870 |
|
| 245 | 1 | 0 |
_aSobre un caso de oftalmomiasis producida por larvas de "wohlfahrtia magnifica" schiner / _cpor el Dr. Luis Nájera. |
| 260 |
_aMadrid : _b[s.n.], _c1942. |
||
| 300 |
_aP. 493-495, [1] h. de lám. ; _c24 cm. |
||
| 500 | _aSeparata de: Boletín de la Real Sociedad Española de Historia Natural, tomo XL, 1942 (páginas 493-495) | ||
| 852 |
_aES-MaACL _j1715-F-30 |
||
| 999 |
_c185070 _d185070 |
||